000
00369nam a22001577a 4500
003
MPLRDC
005
20220104143311.0
008
210129b ||||| |||| 00| 0 eng d
082
_a
805.188 MDW
100
_a
马大维编著
245
_a
有声初级英语会话
_c
260
_a
_b
香港万里书店
_c
300
_b
平
650
_a
942
_c
BK
_o
805.188 MDW
999
_c
38567
_d
38557